000 00662nam a2200277Ia 4500
005 20260324123933.0
008 008 260324s9999 xx 000 0 eng d
020 _a9781315238319
037 _aEBOOK
040 _aCRL
040 _beng
040 _cCRL
041 _2eng
041 _aeng
084 _qCRL
100 _aNeil Ramsey
_91172224
245 4 _aThe Military Memoir and Romantic Literary Culture, 1780–1835
260 _bTaylor and Francis
260 _c2011
365 _a
365 _b240
856 _uhttp://www.taylorfrancis.com/books/9781315238319
942 _cEBOOK
999 _c1766167
_d1766167